<?xml version="1.0" encoding="UTF-8"?>
<record
    xmlns:xsi="http://www.w3.org/2001/XMLSchema-instance"
    xsi:schemaLocation="http://www.loc.gov/MARC21/slim http://www.loc.gov/standards/marcxml/schema/MARC21slim.xsd"
    xmlns="http://www.loc.gov/MARC21/slim">

  <leader>00335nam a22001457a 4500</leader>
  <controlfield tag="003">SGT</controlfield>
  <datafield tag="020" ind1=" " ind2=" ">
    <subfield code="a">9788189128333</subfield>
  </datafield>
  <datafield tag="082" ind1=" " ind2=" ">
    <subfield code="b">MAT </subfield>
  </datafield>
  <datafield tag="100" ind1=" " ind2=" ">
    <subfield code="a">MATHIL B.P DR </subfield>
  </datafield>
  <datafield tag="245" ind1=" " ind2=" ">
    <subfield code="a">PHYSICAL EVIDENCE IN CRIMINAL INVESTIGATION </subfield>
  </datafield>
  <datafield tag="250" ind1=" " ind2=" ">
    <subfield code="a">1ST</subfield>
  </datafield>
  <datafield tag="260" ind1=" " ind2=" ">
    <subfield code="b">SELECTIVE &amp; SCIENTIFIC BOOKS </subfield>
    <subfield code="c">2018</subfield>
  </datafield>
  <datafield tag="300" ind1=" " ind2=" ">
    <subfield code="a">428</subfield>
  </datafield>
  <datafield tag="942" ind1=" " ind2=" ">
    <subfield code="2">ddc</subfield>
    <subfield code="c">BK</subfield>
    <subfield code="0">106</subfield>
  </datafield>
  <datafield tag="952" ind1=" " ind2=" ">
    <subfield code="0">0</subfield>
    <subfield code="1">2</subfield>
    <subfield code="2">ddc</subfield>
    <subfield code="4">0</subfield>
    <subfield code="7">0</subfield>
    <subfield code="8">FS</subfield>
    <subfield code="a">SSSL</subfield>
    <subfield code="b">SSSL</subfield>
    <subfield code="c">TXT</subfield>
    <subfield code="d">2019-01-14</subfield>
    <subfield code="e">SELECTIVE &amp; SCIENTIFIC BOOKS </subfield>
    <subfield code="g">595.00</subfield>
    <subfield code="i">SGTU</subfield>
    <subfield code="l">11</subfield>
    <subfield code="o">MAT</subfield>
    <subfield code="p">PS5659</subfield>
    <subfield code="q">2020-01-27</subfield>
    <subfield code="r">2020-01-13 00:00:00</subfield>
    <subfield code="s">2020-01-13</subfield>
    <subfield code="w">2019-01-14</subfield>
    <subfield code="y">BK</subfield>
    <subfield code="k">2796</subfield>
  </datafield>
  <datafield tag="952" ind1=" " ind2=" ">
    <subfield code="0">0</subfield>
    <subfield code="1">0</subfield>
    <subfield code="2">ddc</subfield>
    <subfield code="4">0</subfield>
    <subfield code="7">0</subfield>
    <subfield code="8">FS</subfield>
    <subfield code="a">SSSL</subfield>
    <subfield code="b">SSSL</subfield>
    <subfield code="c">TXT</subfield>
    <subfield code="d">2019-01-14</subfield>
    <subfield code="e">SELECTIVE &amp; SCIENTIFIC BOOKS </subfield>
    <subfield code="g">595.00</subfield>
    <subfield code="i">SGTU</subfield>
    <subfield code="l">58</subfield>
    <subfield code="m">4</subfield>
    <subfield code="o">MAT</subfield>
    <subfield code="p">PS5660</subfield>
    <subfield code="r">2026-03-20 00:00:00</subfield>
    <subfield code="s">2026-03-12</subfield>
    <subfield code="w">2019-01-14</subfield>
    <subfield code="y">BK</subfield>
    <subfield code="k">2796</subfield>
  </datafield>
  <datafield tag="952" ind1=" " ind2=" ">
    <subfield code="0">0</subfield>
    <subfield code="1">0</subfield>
    <subfield code="2">ddc</subfield>
    <subfield code="4">0</subfield>
    <subfield code="7">0</subfield>
    <subfield code="8">FS</subfield>
    <subfield code="a">SSSL</subfield>
    <subfield code="b">SSSL</subfield>
    <subfield code="c">TXT</subfield>
    <subfield code="d">2019-01-14</subfield>
    <subfield code="e">SELECTIVE &amp; SCIENTIFIC BOOKS </subfield>
    <subfield code="g">595.00</subfield>
    <subfield code="i">SGTU</subfield>
    <subfield code="l">42</subfield>
    <subfield code="m">1</subfield>
    <subfield code="o">MAT</subfield>
    <subfield code="p">PS5661</subfield>
    <subfield code="r">2026-03-18 00:00:00</subfield>
    <subfield code="s">2026-03-13</subfield>
    <subfield code="w">2019-01-14</subfield>
    <subfield code="y">BK</subfield>
    <subfield code="k">2796</subfield>
  </datafield>
  <datafield tag="952" ind1=" " ind2=" ">
    <subfield code="0">0</subfield>
    <subfield code="1">0</subfield>
    <subfield code="2">ddc</subfield>
    <subfield code="4">0</subfield>
    <subfield code="7">0</subfield>
    <subfield code="8">FS</subfield>
    <subfield code="a">SSSL</subfield>
    <subfield code="b">SSSL</subfield>
    <subfield code="c">TXT</subfield>
    <subfield code="d">2019-01-14</subfield>
    <subfield code="e">SELECTIVE &amp; SCIENTIFIC BOOKS </subfield>
    <subfield code="g">595.00</subfield>
    <subfield code="i">SGTU</subfield>
    <subfield code="l">47</subfield>
    <subfield code="o">MAT</subfield>
    <subfield code="p">PS5662</subfield>
    <subfield code="r">2026-03-19 00:00:00</subfield>
    <subfield code="s">2026-03-16</subfield>
    <subfield code="w">2019-01-14</subfield>
    <subfield code="y">BK</subfield>
    <subfield code="k">2796</subfield>
  </datafield>
  <datafield tag="952" ind1=" " ind2=" ">
    <subfield code="0">0</subfield>
    <subfield code="1">0</subfield>
    <subfield code="2">ddc</subfield>
    <subfield code="4">0</subfield>
    <subfield code="7">0</subfield>
    <subfield code="8">FS</subfield>
    <subfield code="a">SSSL</subfield>
    <subfield code="b">SSSL</subfield>
    <subfield code="c">TXT</subfield>
    <subfield code="d">2019-01-14</subfield>
    <subfield code="e">SELECTIVE &amp; SCIENTIFIC BOOKS </subfield>
    <subfield code="g">595.00</subfield>
    <subfield code="i">SGTU</subfield>
    <subfield code="l">49</subfield>
    <subfield code="o">MAT</subfield>
    <subfield code="p">PS5663</subfield>
    <subfield code="r">2026-04-07 00:00:00</subfield>
    <subfield code="s">2026-04-04</subfield>
    <subfield code="w">2019-01-14</subfield>
    <subfield code="y">BK</subfield>
    <subfield code="k">2796</subfield>
  </datafield>
  <datafield tag="999" ind1=" " ind2=" ">
    <subfield code="c">16498</subfield>
    <subfield code="d">16498</subfield>
  </datafield>
</record>
